000 00598nam a2200241Ia 4500
003 OSt
005 20221005124546.0
006 a|||||r|||| 00| 0
007 ta
008 221004b |||||||| |||| 00| 0 tam d
024 _a45498
037 _cTextual
040 _aCRL
_cCRL
_btam
041 _2tam
_atam
082 _aD525:7.44, 31K8
100 _aRaghavan Au.
_9604088
245 0 _aNam nathhu pappar kalai
260 _c1968
300 _a379p.
_ccm.
650 _aENGINEERING
942 _hD525:7.44, 31K8
_cTEXL
_2cc
999 _c1050855
_d1050855